000 00669nam a2200289Ia 4500
005 20260324144415.0
008 008 260324s9999 xx 000 0 eng d
020 _a9780429310522
037 _aEBOOK
040 _aCRL
040 _beng
040 _cCRL
041 _2eng
041 _aeng
084 _qCRL
100 _aHarry Redner
_91149274
245 4 _aThe Ends Of Science
245 3 _bAn Essay In Scientific Authority
260 _bTaylor and Francis
260 _c1988
365 _a
365 _b230
856 _uhttp://www.taylorfrancis.com/books/9780429310522
942 _cEBOOK
999 _c1825789
_d1825789